| 000 | 00350nam a22000977a 4500 | ||
|---|---|---|---|
| 008 | 230629b xxu||||| |||| 00| 0 eng d | ||
| 245 |
_aActivities of Foreign Economic Interests Operating in Namibia _bReport of Standing Committee II of the United Nations Council for Namibia |
||
| 260 |
_aNew York _bUnited Nations _c1987 |
||
| 300 | _a34p | ||
| 942 |
_2ddc _cBK |
||
| 999 |
_c3035 _d3035 |
||